| 000 | 00531nam a2200193Ia 4500 | ||
|---|---|---|---|
| 003 | OSt | ||
| 005 | 20260224113300.0 | ||
| 008 | 250729s2007 xx 000 0 und d | ||
| 040 | _cAL | ||
| 041 | _akan | ||
| 082 | _a930.7 HOLI | ||
| 100 |
_aಹೊಳೆಯಣ್ಣವರ ಎಸ್ ಕೆ _9229685 |
||
| 245 | _aಇತಿಹಾಸ ಮತ್ತು ಪೌರನೀತಿ ಬೋಧನೆ | ||
| 260 |
_aಗದಗ _c2007 |
||
| 300 | _a283p | ||
| 650 |
_aHistory _9229686 |
||
| 700 |
_aRao Digumurthi _9229687 |
||
| 942 |
_2ddc _cBED |
||
| 999 |
_c238414 _d238414 |
||